AI v marketingové agentuře. Velká věc nebo jen další hype?

Rýchly nástup umelej inteligencie a zmeny základov marketingu. Umelá inteligencia ako nástroj pre zvýšenie efektivity a podporu kreativity.

Enregistré dans:
Détails bibliographiques
Auteur principal: Janč, Jan
Format: Chapitre de livre
Langue:tchèque
Sujets:
Tags: Ajouter un tag
Pas de tags, Soyez le premier à ajouter un tag!

MARC

LEADER 00000naa a2200000 4500
001 0295383
005 20240417075242.0
041 0 |a cze 
044 |a CZ 
245 1 0 |a AI v marketingové agentuře. Velká věc nebo jen další hype?  |c Jan Janč 
520 |a Rýchly nástup umelej inteligencie a zmeny základov marketingu. Umelá inteligencia ako nástroj pre zvýšenie efektivity a podporu kreativity. 
610 2 0 |a marketing 
610 2 0 |a inteligencia umelá 
610 2 0 |a technológie nové 
610 2 0 |a agentúry 
610 2 0 |a kreativita 
610 2 0 |a zamestnanci 
100 1 |a Janč, Jan